| 000 | 00384nam a2200157Ia 4500 | ||
|---|---|---|---|
| 008 | 230524s9999 xx 000 0 und d | ||
| 082 |
_a4 _bBRY |
||
| 100 |
_aBryan Pfaffenbergen _915320 |
||
| 245 | 0 | _aQues Computer & Internet Dictionary | |
| 250 | _a6TH | ||
| 260 |
_aNEW DELHI _bPHI _c1998 |
||
| 300 | _aX;574 | ||
| 500 | _aQuantity Number: 1 | ||
| 650 | _aComp-Sc | ||
| 942 | _cBK | ||
| 999 |
_c22912 _d22912 |
||